Puertas de madera / (Registro nro. 11356)

Detalles MARC
000 -LIDER
fixed length control field 01027cam a22003493a 4500
001 - NÚMERO DE CONTROL
Identificador de número de control 0000667
003 - IDENTIFICACDOR DE NÚMERO DE CONTROL
control field DO-SdBNP
005 - DATE AND TIME OF LATEST TRANSACTION
control field 20170918104606.0
007 - CAMPOS FIJOS DE DESCRIPCIÓN FÍSICA
fixed length control field 0000667
008 - ELEMENTOS DE LONGITUD FIJA
fixed length control field 861112 2007 sp c 000 0 spa d
010 ## - NUMERO DE CONTROL DE BIBLIOTECA DEL CONGRESO
LC control number
020 ## - ISBN
International Standard Book Number 8482362461 (colección)
020 ## - ISBN
International Standard Book Number 8482362488
040 ## - FUENTE DE CATALOGACIÓN
Agencia que crea de manera original el registro BPMSU
Agencia que realiza la transcripción spa
Agencia que realiza la modificación BPMSU
--
082 #4 - NÚMERO DE CLASIFICACIÓN DECIMAL DE DEWEY
Classification number 721.822
Item number P977m
100 1# - ASIENTO PRINCIPAL -- NOMBRE PERSONAL
Nombre personal García Pascual, Anna
245 10 - MENCIÓN DE TITULO
Título Puertas de madera /
Mención de responsabilidad redacción Anna García Pascual ; traducción Nadia Drandov
246 10 - VARIACION DEL TÍTULO
Título propiamente dicho o título corto Interior doors = Puertas de interior /
246 0# - VARIACION DEL TÍTULO
Título propiamente dicho o título corto Puertas de madera = Doors of woods
260 0# - PUBLICACIÓN, DISTRIBUCIÓN, ETC. (PIE DE IMPRENTA)
Lugar de publicación, distribución, etc [España] :
Nombre del editor, distribuidor, etc. Lexus,
Fecha de publicación, distribución, etc 2007.
300 ## - DESCRIPCIÓN FÍSICA
Extensión 236 p. :
Otros detalles físicos retrs.;
Dimensiones 34 cm.
500 ## - NOTA GENERAL
Nota general Título de la portada
546 ## - NOTA DE IDIOMA
Nota de idioma Texto en español e inglés
600 ## - ENCABEZAMIENTO DE MATERIA--NOMBRE PERSONAL
Nombre personal
Subdivisión temática general
650 #4 - ENCABEZAMIENTO DE MATERIA--TEMÁTICO
Término temático o nombre geográfico como elemento de entrada PUERTAS DE MADERA
650 #4 - ENCABEZAMIENTO DE MATERIA--TEMÁTICO
Término temático o nombre geográfico como elemento de entrada PUERTAS
700 12 - ASIENTO SECUNDARIO -- NOMBRE PERSONAL
Nombre personal Drandov, Nadia
Mención de responsabilidad trad.
910 ## - VALIDACIÓN
Validación Validado. Control de calidad MFF
942 ## - ADDED ENTRY ELEMENTS (KOHA)
Source of classification or shelving scheme Dewey Decimal Classification
Koha item type Libros
945 ## - INFORMACIÓN DE PROCESAMIENTO LOCAL
Información de procesamiento local Inventariado / 2017 VM
956 ## - LOCAL ELECTRONIC LOCATION AND ACCESS (OCLC)
Método de acceso YLOCKWARD
Materiales especificados 10
Campo enlazado y núm. de secuencia BPMSU
Existencias
Withdrawn status Lost status Source of classification or shelving scheme Damaged status Not for loan Collection code Home library Current library Date acquired Source of acquisition Cost, normal purchase price Total Checkouts Full call number Barcode Date last seen Price effective from Koha item type
    Dewey Decimal Classification     Colección General Biblioteca Pública Metropolitana Salomé Ureña Biblioteca Pública Metropolitana Salomé Ureña 09/13/2016 Compra 2900.00   721.822 P977m BPMSU16090239 09/13/2016 09/13/2016 Libros